000
00176 a2200085 4500
100
_a
Stephen Chbosky
245
_a
Wonder
260
_c
14 Kasım 2017
264
_c
14 Kasım 2017
999
_c
200431190
_d
49402